La Ley 1150 de 2007 ¿Una respuesta a la eficacia y transparencia en la contratacin̤ estatal? /

Detalles Bibliográficos
Autor principal: Araj︢o Oąte, Roco̕
Autor Corporativo: Colombia
Formato: eBook
Lenguaje:español
Publicado: Bogot ̀: Universidad de Rosario, 2011
Materias:
Acceso en línea:Acceso restringido

MARC

LEADER 00000nam a22000007a 4500
005 20120221104254.0
007 cr|||| ||||
008 120221s2011 co |||||s|||| 00||0 spa d
020 |a 978-958-738-131-3 
035 |a 6131 
040 |d vLex 
090 |c 3008  |d 3008 
100 1 |a Araj︢o Oąte, Roco̕ 
245 1 3 |a La Ley 1150 de 2007  |h [Recurso electrn̤ico] :  |b ¿Una respuesta a la eficacia y transparencia en la contratacin̤ estatal? /  |c Roco̕ Araj︢o Oąte 
256 |a Servicio en ln̕ea 
260 |a Bogot ̀:  |b Universidad de Rosario,  |c 2011 
300 |a 1 recurso electrn̤ico 
506 1 |a Contenido solo disponible en los productos indicados  |d vLex Global   |d vLex Global (Academic Edition, excluding Law Schools)   |d vLex Global (U.S. Academic Edition, Law Schools)   |d vLex Global (U.S. Academic Edition, excluding Law Schools)   |d vLex Global (Academic Edition, Law Schools)  
650 0 4 |a Personal  |x Administracin̤  |z Colombia 
650 0 4 |a Administracin̤ pb︢lica  |z Colombia 
710 1 |a Colombia.  |t Ley 1150 de 2007 
740 0 |a vLex Libros (Servicio en ln̕ea) 
856 4 0 |u http://vlex.com/source/ley-1150-2007-eficacia-transparencia-contratacion-estatal-6131  |z Acceso restringido 
942 |c BOOK 
999 0 |a Public administration 
999 0 |a Personnel management 
999 0 |a Labor laws and legislation